Statistics for Robin Hood Quiz

Click here to take the quiz!

General Stats

  • This quiz has been taken 7,515 times
    (7,419 since last reset)
  • The average score is 13 of 19

Answer Stats

QuestionAnswer% Correct
What was his favorite weapon?Bow and Arrow
98%
Who did he rob from?The Rich
98%
Who was his main adversary?Sheriff of {Nottingham}
95%
In what forest did he operate?{Sherwood} Forest
90%
What religious man accompanied him?Friar {Tuck}
88%
What band of outlaws did he lead?The {Merry} Men
88%
In the Disney movie, what type of animal was Robin Hood?Fox
85%
Who was his love interest?Maid Marian
82%
Who was his second-in-command?Little John
78%
What evil prince did he rebel against?Prince John
75%
What Mel Brooks movie parodied Robin Hood?Robin Hood: {Men} {in} {Tights}
67%
Who starred as Robin Hood in "Robin Hood: Prince of Thieves"?Kevin Costner
63%
What is he also known as?Robin of {Loxley}
63%
What foreign war did Robin Hood serve in (according to some)?Third Crusade
60%
Which of Robin's companions is often depicted as witty and youthful?{Will} Scarlet
55%
What weapon did the above use?Quarterstaff
52%
Who was hired to kill Robin Hood, but was killed by him instead?Sir {Guy} of Gisbourne
38%
What minstrel traveled with Robin Hood?{Alan}-a-Dale
33%
What tree gave them shelter?{Major} Oak
11%

Score Distribution

Percentile by Number Answered

Percent of People with Each Score

Your Score History

You have not taken this quiz since the last reset